[Event "Match"]
[Site "www.echecsemail.com"]
[Date "2017.02.23"]
[Round "1"]
[White "Ericleo1980"]
[Black "Calponas"]
[WhiteElo "2260"]
[BlackElo "2000"]
[Result "1-0"]
[Round "1"]
1.e4 c5
2.Ng1f3 Nb8c6
3.d4 cxd4
4.Nf3xd4 Ng8f6
5.Nb1c3 d6
6.Bf1c4 e6
7.Bc4b3 Bf8e7
8.Bc1e3 O-O
9.f3 Nc6a5
10.Qd1d2 Na5xb3
11.axb3 a6
12.g4 Bc8d7
13.g5 Nf6e8
14.h4 Ra8c8
15.h5 f6
16.g6 f5
17.gxh7 Kxh7
18.O-O-O Ne8f6
19.Qd2g2 Qd8e8
20.Rd1g1 Rf8g8
21.Qg2g6 Kh8
22.exf5 exf5
23.Nd4xf5 Bd7xf5
24.Qg6xf5 Qe8f7
25.Rg1g6 Rc8f8
26.h6 Nf6h7
27.hxg7 Rg8xg7
28.Qf5xf7 Rg7xf7
29.f4 Be7f6
30.Nc3e4 Bf6g7
31.Ne4g5 Bg7f6
32.Ng5xf7 Rf8xf7
33.c3 Bf6g7
34.Rg6xd6 Kg8
35.Rd6d8 Rf7f8
36.Rd8d7 b5
37.b4 Rf8f7
38.Rd7xf7 { resign }
1-0

[Event "Match"]
[Site "www.echecsemail.com"]
[Date "2017.02.23"]
[Round "1"]
[White "Paco"]
[Black "Genius9"]
[WhiteElo "1880"]
[BlackElo "1610"]
[Result "1-0"]
[Round "1"]
1.e4 e5
2.Ng1f3 d6
3.Bf1c4 Bf8e7
4.d3 Ng8f6
5.Nf3g5 O-O
6.c3 Nb8c6
7.Qd1b3 Qd8e8
8.h4 Nc6a5
9.Qb3b5 c6
10.Qb5xa5 b6
11.Qa5a3 Bc8b7
12.Bc1e3 h6
13.Qa3b3 d5
14.exd5 cxd5
15.Bc4b5 Be7c5
16.Bb5xe8 Rf8xe8
17.Be3xc5 { resign }
1-0

[Event "Match"]
[Site "www.echecsemail.com"]
[Date "2017.02.23"]
[Round "1"]
[White "Genius9"]
[Black "Manuelito"]
[WhiteElo "1610"]
[BlackElo "1660"]
[Result "1-0"]
[Round "1"]
1.e4 e5
2.Ng1f3 d6
3.d4 exd4
4.Nf3xd4 Nb8c6
5.Nb1c3 Nc6xd4
6.Qd1xd4 Ng8e7
7.Bc1e3 Ne7c6
8.Bf1b5 Bc8d7
9.Bb5xc6 Bd7xc6
10.O-O-O f6
11.Nc3d5 Bc6xd5
12.Qd4xd5 b6
13.Qd5c6 Kf7
14.Qc6d5 Ke8
15.f4 c6
16.Qd5xc6 Ke7
17.e5 Ra8c8
18.exd6 Ke6
19.Qc6d5 Kd7
20.Qd5f5 Kc6
21.Qf5d5 Kd7
22.Qd5f5 Kc6
23.d7 Rc8c7
24.Qf5d5 { resign }
1-0

[Event "Match"]
[Site "www.echecsemail.com"]
[Date "2017.02.23"]
[Round "1"]
[White "Micheles"]
[Black "Ericleo1980"]
[WhiteElo "2580"]
[BlackElo "2240"]
[Result "1/2-1/2"]
[Round "1"]
1.d4 d5
2.Ng1f3 Ng8f6
3.Bc1g5 e6
4.Nb1d2 Nb8d7
5.e3 Bf8d6
6.Bf1d3 O-O
7.O-O e5
8.dxe5 Nd7xe5
9.Nf3xe5 Bd6xe5
10.c3 h6
11.Bg5h4 c6
12.Nd2f3 Be5c7
13.Qd1c2 Bc8g4
14.Nf3d4 Qd8d6
15.Bh4g3 Qd6d7
16.Bg3xc7 Qd7xc7
17.c4 Ra8d8
18.h3 Bg4c8
19.Rf1d1 Rf8e8
20.Ra1c1 Qc7e5
21.cxd5 Nf6xd5
22.Qc2c5 a6
23.Bd3c4 Nd5f6
24.Qc5xe5 Re8xe5
25.b4 Rd8e8
26.Nd4f3 Re5e7
27.a4 Bc8e6
28.Nf3d4 Be6xc4
29.Rc1xc4 Nf6d5
30.b5 axb5
31.axb5 Nd5b6
32.Rc4c1 cxb5
33.Nd4xb5 Re8b8
34.Rd1d4 Kf8
35.Nb5d6 g6
36.Rc1b1 Nb6c8
37.Nd6xb7 Re7xb7
38.Rd4d8 Ke7
39.Rb1xb7 Rb8xb7
40.Rd8xc8 h5
{ draw }
1/2-1/2

[Event "Match"]
[Site "www.echecsemail.com"]
[Date "2017.02.23"]
[Round "1"]
[White "Yaw1"]
[Black "Estonia"]
[WhiteElo "2149"]
[BlackElo "2070"]
[Result "0-1"]
[Round "1"]
1.Ng1f3 Ng8f6
2.c4 c5
3.e3 e6
4.Nb1c3 Nb8c6
5.d3 Bf8e7
6.Bf1e2 O-O
7.a3 d5
8.d4 cxd4
9.exd4 Nf6e4
10.cxd5 exd5
11.Be2b5 Bc8g4
12.Qd1d3 Ne4g5
13.Nf3e5 Nc6xe5
14.dxe5 Bg4e6
15.f4 Ng5e4
16.Nc3xe4 dxe4
17.Qd3xe4 Qd8a5
18.Bc1d2 Qa5xb5
19.b4 Ra8d8
 { time }
0-1

[Event "Match"]
[Site "www.echecsemail.com"]
[Date "2017.02.23"]
[Round "1"]
[White "Ledzepp"]
[Black "Azorau"]
[WhiteElo "1480"]
[BlackElo "1850"]
[Result "0-1"]
[Round "1"]
1.e4 e5
2.Ng1f3 Nb8c6
3.Nb1c3 Ng8f6
4.Bf1c4 h6
5.O-O a6
6.d3 b5
7.Bc4b3 Bf8b4
8.Nc3e2 O-O
9.c3 Bb4c5
10.d4 exd4
11.cxd4 Bc5b6
12.e5 Nf6e4
13.Bb3d5 Ne4g5
14.Nf3xg5 hxg5
15.Ne2g3 Bb6xd4
16.e6 fxe6
17.Bd5xc6 dxc6
18.Ng3e4 Rf8f5
19.Ne4xg5 Bd4xf2
20.Rf1xf2 Qd8xd1
{ resign }
0-1

[Event "Match"]
[Site "www.echecsemail.com"]
[Date "2017.02.23"]
[Round "1"]
[White "Yaw1"]
[Black "Hundegana"]
[WhiteElo "1809"]
[BlackElo "2060"]
[Result "0-1"]
[Round "1"]
1.b3 e5
2.e4 Bf8c5
3.Qd1f3 Qd8f6
4.Bc1b2 Qf6xf3
5.Ng1xf3 f6
6.Bf1c4 Ng8e7
7.Nf3xe5 fxe5
8.Bb2xe5 Rh8f8
9.O-O g6
10.Be5g7 Rf8f4
11.d3 Nb8c6
12.Nb1d2 Bc5d4
13.Bg7h6 Rf4h4
14.Bh6g5 Rh4g4
15.Bg5xe7 Kxe7
16.Ra1d1 Rg4f4
17.g3 Rf4f8
18.Kg2 d6
19.f4 Bc8g4
20.Rd1e1 Bd4c3
21.h3 Bc3xd2
22.Re1b1 Bg4e6
23.Rf1f2 Bd2c3
24.Bc4xe6 Kxe6
 { time }
0-1

[Event "Match"]
[Site "www.echecsemail.com"]
[Date "2017.02.23"]
[Round "1"]
[White "Darknight"]
[Black "Pariolinius"]
[WhiteElo "1810"]
[BlackElo "2000"]
[Result "0-1"]
[Round "1"]
1.e4 d6
2.d4 c5
3.d5 a6
4.h3 Ng8f6
5.Nb1c3 g6
6.g4 Bf8g7
7.f3 e6
8.Bc1g5 e5
9.h4 h6
10.Bg5xf6 Bg7xf6
11.Ng1h3 Nb8d7
12.Bf1c4 Nd7b6
13.b3 Nb6xc4
14.bxc4 Bf6xh4
 { time }
0-1

[Event "Match"]
[Site "www.echecsemail.com"]
[Date "2017.02.23"]
[Round "1"]
[White "Karlgrocer"]
[Black "Coolant"]
[WhiteElo "2090"]
[BlackElo "1499"]
[Result "0-1"]
[Round "1"]
1.Ng1f3 f5
2.d4 Ng8f6
3.e3 d5
4.Bf1e2 e6
5.O-O Bf8d6
6.a3 Nb8d7
7.Nb1d2 c6
8.c4 O-O
9.c5 Bd6c7
10.b4 a6
11.a4 Qd8e7
12.Bc1b2 e5
13.dxe5 Nd7xe5
14.Nf3xe5 Bc7xe5
15.Bb2xe5 Qe7xe5
16.Nd2f3 Qe5c3
17.Ra1b1 Nf6e4
18.Be2d3 Rf8f6
19.Bd3xe4 fxe4
20.Nf3d4 Rf6g6
21.Kh1 Bc8g4
22.Qd1c1 Qc3xc1
23.Rf1xc1 Ra8f8
24.Rc1c2 Rg6f6
25.Kg1 Kf7
26.b5 axb5
27.axb5 Bg4d7
28.b6 Rf8a8
29.h3 Ke7
30.Rb1b2 Rf6f8
31.Rb2a2 Rf8b8
32.Nd4e2 g5
33.Ne2g3 h6
34.Ng3e2 Ra8a6
35.Ne2d4 Rb8a8
36.Ra2b2 Ra6a5
37.Kh2 Kf6
38.Kg3 Ke5
39.Nd4b3 Ra5a4
40.Nb3d4 Ra4xd4
41.exd4 Kxd4
42.Rb2b3 Ra8a5
43.Rb3c3 Bd7f5
44.Rc2c1 Ke5
45.f3 d4
46.Rc3c4 e3
47.Rc1d1 d3
48.Kh2 Kd5
49.Rc4c3 Kd4
{ resign }
0-1

[Event "Match"]
[Site "www.echecsemail.com"]
[Date "2017.02.23"]
[Round "1"]
[White "Midknightblu"]
[Black "Mrjordan"]
[WhiteElo "1339"]
[BlackElo "1499"]
[Result "0-1"]
[Round "1"]
1.e4 e5
2.Ng1f3 Ng8f6
3.Bf1c4 c6
4.O-O b5
5.Bc4d3 d5
6.Nf3xe5 Bf8d6
7.Ne5f3 O-O
8.Nb1c3 b4
9.Nc3e2 dxe4
10.Bd3xe4 Nf6xe4
11.d3 Ne4f6
12.Bc1g5 h6
13.Bg5xf6 Qd8xf6
14.b3 Qf6g6
15.Ne2g3 Bc8g4
16.Qd1d2 Bg4xf3
17.gxf3 Nb8d7
18.Ra1e1 Nd7f6
19.f4 h5
20.Kh1 Qg6g4
21.f3 Qg4h4
22.Ng3f5 Bd6xf4
23.Nf5xh4 Bf4xd2
24.Re1e2 Bd2c3
25.Nh4f5 Nf6d5
26.Nf5e7 Kh7
27.Ne7xc6 Ra8e8
28.Rf1f2 Nd5f4
29.Re2xe8 Rf8xe8
30.Rf2f1 h4
31.Nc6xa7 h3
32.Rf1d1 f5
33.Na7b5 Re8e1
34.Rd1xe1 Bc3xe1
35.Kg1 g5
36.Nb5d4 Kg6
37.Kf1 Be1c3
38.Nd4e2 Nf4xe2
39.Kxe2 Bc3e5
40.Kf2 Be5xh2
41.d4 Bh2d6
42.Kg1 g4
43.fxg4 fxg4
{ resign }
0-1

[Event "Match"]
[Site "www.echecsemail.com"]
[Date "2017.02.23"]
[Round "1"]
[White "Yaw1"]
[Black "Mdesouza"]
[WhiteElo "1809"]
[BlackElo "2310"]
[Result "0-1"]
[Round "1"]
1.e4 e6
2.c3 d5
3.exd5 Qd8xd5
4.Qd1f3 Ng8f6
5.Qf3xd5 exd5
6.Ng1f3 Bf8d6
7.Bf1b5 c6
8.Bb5a4 Bc8f5
9.O-O Bf5d3
10.Rf1e1 Nf6e4
11.Nf3d4 O-O
12.f3 Ne4f6
13.b4 Nb8d7
 { time }
0-1

[Event "Match"]
[Site "www.echecsemail.com"]
[Date "2017.02.23"]
[Round "1"]
[White "Darknight"]
[Black "Whitekknight"]
[WhiteElo "1810"]
[BlackElo "1930"]
[Result "0-1"]
[Round "1"]
1.e4 e5
2.Bf1c4 Ng8f6
3.d3 h6
4.h3 Bf8c5
5.Qd1e2 c6
6.a3 O-O
7.h4 d5
8.exd5 cxd5
9.Bc4a2 Bc8f5
10.Bc1g5 hxg5
11.hxg5 Nf6g4
12.f3 Ng4e3
13.g4 Bf5g6
14.Qe2h2 f6
15.Nb1c3 Rf8e8
16.Ng1e2 Kf7
17.Nc3e4 Bg6xe4
18.fxe4 Ne3xc2
 { time }
0-1

[Event "Match"]
[Site "www.echecsemail.com"]
[Date "2017.02.23"]
[Round "1"]
[White "Balbyns"]
[Black "Norwich"]
[WhiteElo "1199"]
[BlackElo "1780"]
[Result "1-0"]
[Round "1"]
1.d4 d5
2.e3 Ng8f6
3.Bf1e2 g6
4.Ng1f3 Bf8g7
5.O-O O-O
6.Nb1c3 b6
7.b3 Bc8b7
8.Bc1a3 Nb8d7
9.Rf1e1 Rf8e8
10.Be2d3 a6
11.Ba3b2 c5
12.e4 dxe4
13.Nc3xe4 Nf6xe4
14.Bd3xe4 Bb7xe4
15.Re1xe4 Nd7f6
16.Re4e1 cxd4
17.Bb2xd4 e6
18.Qd1d3 b5
19.Ra1d1 Qd8c7
20.Nf3g5 h6
21.Ng5f3 Nf6d5
22.Bd4xg7 Kxg7
23.Qd3d4 Nd5f6
24.Nf3e5 Ra8d8
25.Qd4b2 Rd8xd1
26.Re1xd1 Kg8
27.Ne5xg6 fxg6
28.Qb2xf6 Qc7f7
29.Qf6xf7 Kxf7
30.Rd1d7 Re8e7
31.Rd7xe7 Kxe7
32.g4 g5
33.Kg2 Kd6
34.Kf3 Ke5
35.Ke3 a5
36.c4 bxc4
37.bxc4 a4
38.a3 Kd6
39.Kd4 e5
40.Kd3 Kc5
41.f3 Kd6
42.Kc3 Kc5
43.h3 Kc6
44.Kb4 Kb6
45.Kxa4 Kc5
46.Kb3 { resign }
1-0

[Event "Match"]
[Site "www.echecsemail.com"]
[Date "2017.02.23"]
[Round "1"]
[White "Joseph1983"]
[Black "Genius9"]
[WhiteElo "2210"]
[BlackElo "1610"]
[Result "1-0"]
[Round "1"]
1.e4 c5
2.Ng1f3 d6
3.d4 cxd4
4.Nf3xd4 Ng8f6
5.Nb1c3 g6
6.Bf1c4 Bf8g7
7.O-O O-O
8.Bc1g5 Nb8d7
9.Qd1d2 Nd7e5
10.Bc4b3 a6
11.f4 Ne5c6
12.Ra1d1 Nc6xd4
13.Qd2xd4 Nf6g4
14.Qd4d2 Qd8b6
15.Kh1 Bg7f6
16.Nc3d5 Qb6d8
17.Nd5xf6 Ng4xf6
18.Bg5h6 Rf8e8
19.e5 Nf6g4
20.Bh6g5 Qd8b6
21.h3 Ng4e3
22.Qd2f2 Qb6a7
23.Qf2h4 Ne3xd1
24.Rf1xd1 dxe5
25.Bg5xe7 b5
26.Bb3xf7 Kxf7
27.Qh4xh7 Ke6
28.Rd1d6 Kf5
29.Qh7xg6 { resign }
1-0

[Event "Match"]
[Site "www.echecsemail.com"]
[Date "2017.02.23"]
[Round "1"]
[White "Darknight"]
[Black "Whitekknight"]
[WhiteElo "1810"]
[BlackElo "1930"]
[Result "0-1"]
[Round "1"]
1.e4 e5
2.Ng1f3 d6
3.h3 Ng8f6
4.d3 h6
5.g4 g5
6.Nb1c3 c6
7.h4 Bc8xg4
8.hxg5 Nf6g8
9.Bf1h3 Bg4xf3
10.Qd1xf3 Nb8d7
11.Bc1d2 Qd8e7
12.O-O-O O-O-O
13.Qf3e3 Kb8
14.b4 hxg5
15.f3 Bf8h6
16.Qe3f2 d5
17.exd5 cxd5
18.Nc3xd5 Qe7d6
 { time }
0-1

[Event "Match"]
[Site "www.echecsemail.com"]
[Date "2017.02.23"]
[Round "1"]
[White "Olddog55"]
[Black "Forest"]
[WhiteElo "1810"]
[BlackElo "1760"]
[Result "0-1"]
[Round "1"]
1.d4 d5
2.Ng1f3 Ng8f6
3.e3 Bc8g4
4.Bf1d3 e6
5.O-O c6
6.Qd1d2 Bg4xf3
7.gxf3 Bf8d6
8.e4 dxe4
9.fxe4 e5
10.Qd2g5 Nb8d7
11.f4 exf4
12.Bc1xf4 Bd6xf4
13.Qg5xf4 O-O
14.e5 Nf6d5
15.Qf4g4 f5
16.Bd3xf5 Nd7b6
17.Rf1f3 Nd5e7
18.Rf3h3 Ne7xf5
19.Rh3h5 Qd8xd4
20.Qg4xd4 Nf5xd4
21.Nb1c3 Nd4xc2
22.Ra1c1 Nc2d4
 { time }
0-1

[Event "Match"]
[Site "www.echecsemail.com"]
[Date "2017.02.23"]
[Round "1"]
[White "Forest"]
[Black "Pellix84"]
[WhiteElo "1760"]
[BlackElo "2050"]
[Result "0-1"]
[Round "1"]
1.c4 Ng8f6
2.Ng1f3 e6
3.Nb1c3 b6
4.g3 Bc8b7
5.Bf1g2 c5
6.O-O d6
7.d3 Bf8e7
8.Bc1g5 O-O
9.Qd1d2 Nb8c6
10.a3 Nf6g4
11.Bg5xe7 Qd8xe7
12.h3 Ng4e5
13.Nf3xe5 dxe5
14.Rf1e1 Ra8d8
15.Qd2c1 Nc6d4
16.Bg2xb7 Qe7xb7
17.Nc3e4 Nd4b3
18.Qc1c3 Nb3xa1
19.Re1xa1 Qb7c7
20.Ra1e1 f5
21.Ne4d2 f4
22.Nd2e4 fxg3
23.Ne4xg3 Rf8f6
24.Ng3e4 Rf6g6
25.Ne4g3 Rd8d4
26.Kh2 h5
27.Ng3e4 Qc7f7
28.Re1f1 Qf7f4
29.Ne4g3 Rg6xg3
30.fxg3 Qf4xf1
{ resign }
0-1

[Event "1/32 Finale"]
[Site "www.chess-mail.com"]
[Date "2017.02.23"]
[Round "1"]
[White "Ingauno64"]
[Black "Guidom"]
[WhiteElo "2660"]
[BlackElo "2100"]
[Result "1-0"]
[Round "1"]
1.c4 c5
2.g3 Nb8c6
3.Bf1g2 Ng8f6
4.Ng1f3 e5
5.d3 d6
6.Nb1c3 Bf8e7
7.O-O Bc8d7
8.a3 O-O
9.Ra1b1 Ra8b8
10.b4 b6
11.Nf3e1 Nc6d4
12.e3 Nd4e6
13.Ne1c2 h6
14.e4 Qd8c8
15.Nc2e3 Ne6d4
16.Ne3d5 Nf6xd5
17.Nc3xd5 Rf8e8
18.Bc1e3 Bd7h3
19.Be3xd4 exd4
20.b5 Bh3xg2
21.Kxg2 f5
22.f3 fxe4
23.fxe4 Qc8d7
24.Qd1h5 Re8f8
25.h4 Rf8xf1
26.Rb1xf1 Rb8f8
27.Rf1xf8 Kxf8
28.Qh5f5 Qd7xf5
29.exf5 Be7d8
30.Kf3 Ke8
31.Kg4 Kf8
32.Kh5 Kf7
33.g4 Bd8f6
34.g5 hxg5
35.hxg5 Bf6d8
36.a4 Kf8
37.Kg6 Kg8
38.f6 gxf6
39.gxf6 Kf8
40.Nd5f4 { resign }
1-0

[Event "Eq:Equipo Juan Diaz-La Taverne : "]
[Site "www.chess-mail.com"]
[Date "2017.02.23"]
[Round "1"]
[White "Ecijaajedrez"]
[Black "Louis"]
[WhiteElo "2410"]
[BlackElo "2000"]
[Result "1-0"]
[Round "1"]
1.d4 d5
2.c4 dxc4
3.Ng1f3 a6
4.e3 e6
5.Bf1xc4 Ng8f6
6.O-O c5
7.Bc4d3 Nb8d7
8.Rf1e1 b5
9.a4 bxa4
10.e4 cxd4
11.e5 Nf6d5
12.Ra1xa4 Bf8b4
13.Bc1d2 Bb4c5
14.Bd2a5 Qd8e7
15.Nb1d2 O-O
16.Nf3xd4 Bc8b7
17.Qd1g4 g6
18.Nd2f3 Nd5b4
19.Bd3f1 { resign }
1-0

[Event "Tourn. n9228"]
[Site "www.chess-mail.com"]
[Date "2017.02.24"]
[Round "1"]
[White "Libiesse"]
[Black "Genius7"]
[WhiteElo "1830"]
[BlackElo "1940"]
[Result "1/2-1/2"]
[Round "1"]
1.d4 d5
2.c4 c6
3.cxd5 cxd5
4.Bc1f4 Nb8c6
5.Nb1c3 a6
6.Ng1f3 Ng8f6
7.h3 e6
8.e3 Bf8b4
9.Qd1c2 O-O
10.Bf1d3 { draw }
1/2-1/2

[Event "Tourn. n9214"]
[Site "www.chess-mail.com"]
[Date "2017.02.24"]
[Round "1"]
[White "Hundegana"]
[Black "Norlavuaram"]
[WhiteElo "2060"]
[BlackElo "2170"]
[Result "0-1"]
[Round "1"]
1.f4 Ng8f6
2.d3 d5
3.g3 c5
4.Bf1g2 Nb8c6
5.Ng1f3 e6
6.O-O Bf8e7
7.h3 O-O
8.c3 Bc8d7
9.Nb1d2 Ra8c8
10.Rf1e1 a6
11.Kh2 b5
12.b3 Be7d6
13.e3 Qd8c7
14.Bc1b2 Rf8e8
15.a3 e5
16.fxe5 Nc6xe5
17.Nf3xe5 Bd6xe5
18.Qd1f3 Bd7c6
19.d4 Be5d6
20.Re1e2 Re8e7
21.b4 c4
22.Ra1f1 Rc8f8
23.Rf1g1 Nf6e4
24.Nd2xe4 Re7xe4
25.Rg1f1 Bc6b7
26.Qf3f2 Re4e6
27.Bb2c1 Re6g6
28.Kh1 Bd6xg3
29.Qf2g1 Qc7d6
30.Bc1d2 Bg3h4
31.Rf1f4 Bh4g3
32.Rf4f3 Bb7c8
33.e4 dxe4
34.Rf3e3 Bg3f4
35.Re3xe4 Bf4xd2
36.Re2xd2 Bc8xh3
37.Qg1h2 Bh3xg2
38.Rd2xg2 Rg6h6
39.Re4h4 Rh6xh4
40.Qh2xh4 Rf8e8
41.Qh4g3 Qd6h6
42.Kg1 g6
43.d5 Re8e3
44.Qg3b8 Kg7
45.d6 Re3e1
46.Kf2 Qh6e3

0-1

[Event "Tourn. n9165"]
[Site "www.chess-mail.com"]
[Date "2017.02.24"]
[Round "1"]
[White "Coolant"]
[Black "Rovaniaina"]
[WhiteElo "1769"]
[BlackElo "1919"]
[Result "1-0"]
[Round "1"]
1.Nb1c3 Nb8c6
2.d4 e6
3.e4 d5
4.e5 Bf8b4
5.Qd1g4 Ng8e7
6.Bf1b5 O-O
7.Ng1e2 a6
8.Bb5d3 Ne7f5
9.Bc1g5 Bb4e7
10.h4 f6
11.exf6 Be7xf6
12.Bd3xf5 exf5
13.Qg4f4 Qd8e8
14.Bg5xf6 Rf8xf6
15.O-O-O Bc8e6
16.Rh1e1 Qe8e7
17.Ne2g3 b5
18.Nc3xd5 Qe7d6
19.Nd5xf6 gxf6
20.Qf4xd6  { time }
1-0

[Event "Tourn. n9156"]
[Site "www.chess-mail.com"]
[Date "2017.02.24"]
[Round "1"]
[White "Greghghs"]
[Black "Paaliaq"]
[WhiteElo "2390"]
[BlackElo "2660"]
[Result "1/2-1/2"]
[Round "1"]
1.d4 Ng8f6
2.c4 c5
3.d5 b5
4.cxb5 a6
5.bxa6 g6
6.Nb1c3 Bc8xa6
7.g3 Bf8g7
8.Bf1g2 d6
9.Ng1f3 Nb8d7
10.Ra1b1 Nd7b6
11.b3 Ba6b7
12.Nf3h4 O-O
13.O-O Qd8c8
14.Bc1b2 g5
15.Nh4f3 Nf6xd5
16.Nc3xd5 Bb7xd5
17.Bb2xg7 Kxg7
18.Nf3xg5 Bd5xg2
19.Qd1d3 Rf8h8
20.Kxg2 Qc8b7
21.Kg1 Ra8xa2
22.Qd3f5 Qb7d5
23.Qf5g4 Kf8
24.e4 Qd5e5
25.Qg4h5 Qe5g7
26.b4 c4
27.Ng5f3 Rh8g8
28.Rb1e1 Ra2a8
29.Re1e3 e5
30.Rf1d1 Qg7g6
31.Qh5h3 Ra8c8
32.Nf3h4 Qg6h6
33.Qh3g2 Qh6h5
34.Rd1c1 Rc8d8
35.Re3a3 d5
36.Ra3a6 { draw }
1/2-1/2

[Event "Tourn. n9141"]
[Site "www.chess-mail.com"]
[Date "2017.02.24"]
[Round "1"]
[White "Formargo"]
[Black "Roque1"]
[WhiteElo "1760"]
[BlackElo "1870"]
[Result "1-0"]
[Round "1"]
1.d4 d5
2.c4 e6
3.Nb1c3 Bf8b4
4.Ng1f3 Nb8c6
5.e3 Ng8f6
6.a3 Bb4xc3
7.bxc3 O-O
8.cxd5 exd5
9.Bf1d3 Bc8g4
10.h3 Bg4xf3
11.Qd1xf3 Qd8d6
12.a4 Ra8e8
13.Bc1a3 Qd6d7
14.Ba3xf8 Kxf8
15.O-O Nc6a5
16.Ra1b1 b6
17.Rb1b4 c5
18.dxc5 bxc5
19.Rb4b5 Qd7c7
20.Qf3f4 Qc7xf4
21.exf4 c4
22.Rb5xa5 cxd3
23.Rf1d1 Re8e7
24.Rd1xd3 Nf6e4
25.Ra5xd5 g6
26.Rd5e5 f5
27.f3 Re7xe5
28.fxe5 Ne4g3
29.Kf2 f4
30.Rd3d7 { resign }
1-0

[Event "Tourn. n9252"]
[Site "www.chess-mail.com"]
[Date "2017.02.24"]
[Round "1"]
[White "Rons"]
[Black "Ingauno64"]
[WhiteElo "2530"]
[BlackElo "2660"]
[Result "1-0"]
[Round "1"]
1.e4 e6
2.d4 d5
3.Nb1c3 h6
4.Bf1d3 Nb8c6
5.Ng1f3 Nc6b4
6.exd5 Nb4xd3
7.Qd1xd3 exd5
8.Bc1f4 c6
9.O-O-O Bf8d6
10.Bf4e5 Bd6xe5
11.Nf3xe5 Ng8e7
12.g4 Ne7g6
13.Ne5xg6 Qd8g5
14.Kb1 fxg6
15.Rd1e1 Kf7
16.h3 Rh8e8
17.Re1xe8 Kxe8
18.Rh1e1 Kf7
19.Qd3g3 Qg5d8
20.Nc3e2 Qd8e7
21.f3 Qe7e3
22.Ne2c1 Qe3xd4
23.Qg3c7 Kf8
24.Qc7d8 { resign }
1-0

[Event "Tourn. n9138"]
[Site "www.chess-mail.com"]
[Date "2017.02.24"]
[Round "1"]
[White "Ejner"]
[Black "Jose"]
[WhiteElo "2380"]
[BlackElo "2760"]
[Result "0-1"]
[Round "1"]
1.d4 Ng8f6
2.c4 g6
3.Nb1c3 Bf8g7
4.e4 d6
5.Ng1f3 O-O
6.Bf1e2 e5
7.dxe5 dxe5
8.Qd1xd8 Rf8xd8
9.Bc1g5 Rd8e8
10.Nc3d5 Nf6xd5
11.cxd5 c6
12.Be2c4 cxd5
13.Bc4xd5 Nb8a6
14.Ke2 Na6c7
15.Bd5b3 Nc7e6
16.Ra1c1 h6
17.Bg5e3 Ne6f4
18.Be3xf4 exf4
19.Rh1d1 Re8xe4
20.Kf1 Bc8e6
21.Bb3xe6 Re4xe6
22.Rc1c7 Bg7xb2
23.Rc7xb7 Re6b6
24.Rd1d7 Rb6xb7
25.Rd7xb7 Bb2c3
26.Ke2 Kg7
27.Kd3 Bc3f6
28.Ke4 a5
29.Kxf4 Ra8c8
30.Rb7d7 Rc8c2
31.a3 Rc2xf2
{ resign }
0-1

[Event "Match"]
[Site "www.echecsemail.com"]
[Date "2017.02.24"]
[Round "1"]
[White "Guidom"]
[Black "Norwich"]
[WhiteElo "2070"]
[BlackElo "1760"]
[Result "1/2-1/2"]
[Round "1"]
1.e4 d5
2.exd5 Qd8xd5
3.Nb1c3 Qd5a5
4.Ng1f3 c6
5.d3 Ng8f6
6.Bc1d2 Bc8g4
7.Bf1e2 e6
8.O-O Bf8e7
9.h3 Bg4xf3
10.Be2xf3 Nb8d7
11.Rf1e1 Qa5c7
12.Nc3e4 Nf6xe4
13.Bf3xe4 Nd7f6
14.Be4f3 O-O
15.Bd2c3 Nf6d5
16.Bc3e5 Be7d6
17.d4 Bd6xe5
18.dxe5 Ra8d8
19.Qd1e2 Rf8e8
20.Qe2e4 Rd8d7
{ draw }
1/2-1/2

[Event "Match"]
[Site "www.echecsemail.com"]
[Date "2017.02.24"]
[Round "1"]
[White "Ditto"]
[Black "Coraza"]
[WhiteElo "1770"]
[BlackElo "1840"]
[Result "0-1"]
[Round "1"]
1.d4 d5
2.Ng1f3 Bc8g4
3.Bc1f4 Bg4xf3
4.exf3 Ng8f6
5.c4 c6
6.Bf1e2 Nb8d7
7.O-O g6
8.Nb1c3 Bf8g7
9.Rf1e1 O-O
10.cxd5 c5
11.dxc5 Nd7xc5
12.Be2c4 Ra8c8
13.Ra1b1 Nf6h5
14.Bf4e3 b6
15.Be3g5 Rc8c7
16.Nc3b5 Rc7d7
17.Rb1c1 Bg7xb2
18.Rc1b1 Bb2f6
19.Bg5e3 Nc5b7
20.Nb5xa7 Nb7d6
21.Na7c6 Qd8c8
22.Rb1xb6 Nd6xc4
23.Rb6b3 Nc4d6
24.Rb3b1 e5
25.Qd1c1 Rd7c7
26.a4 Qc8a6
27.Nc6e7 Bf6xe7
28.Qc1xc7 Rf8e8
29.a5 Be7d8
30.Qc7b8 Nh5f6
31.Be3g5 Nf6d7
32.Qb8b4 Bd8xg5
33.Qb4g4 Nd7c5
34.Qg4xg5 Qa6xa5
35.Re1d1 Nc5a4
36.Rb1a1 Nd6b5
37.Qg5f6 Nb5c3
38.Qf6c6 Re8f8
39.Rd1e1 Nc3a2
40.d6 f6
41.d7 Rf8d8
42.Qc6e6 Kg7
43.Qe6e7 Kh6
44.Qe7e8 Na4c5
45.Re1d1 Nc5b7
46.Qe8e6 Qa5a4
47.h3 Nb7c5
48.Qe6xf6 Rd8xd7
49.Rd1xd7 Nc5xd7
50.Qf6e6 Nd7c5
51.Qe6xa2 Qa4d4
52.Qa2a3 Nc5d3
53.Qa3a2 Nd3b4
54.Qa2a4 Nb4d3
55.Qa4xd4 exd4
56.Kf1 Nd3f4
57.Ra1a4 Nf4e6
58.Ke2 Kh5
59.g3 Kg5
60.Kd3 Ne6c5
61.Kxd4 Nc5e6
62.Ke3 h5
63.Ra4a5 Kh6
64.Ra5a6 { time. }
0-1

[Event "Match"]
[Site "www.echecsemail.com"]
[Date "2017.02.24"]
[Round "1"]
[White "Juodivarnai"]
[Black "Luzhin"]
[WhiteElo "2140"]
[BlackElo "2190"]
[Result "0-1"]
[Round "1"]
1.e4 e5
2.Ng1f3 Nb8c6
3.Bf1b5 a6
4.Bb5a4 Ng8f6
5.O-O Bf8e7
6.Rf1e1 b5
7.Ba4b3 d6
8.c3 O-O
9.h3 Nc6a5
10.Bb3c2 c5
11.d4 Qd8c7
12.Nb1d2 Rf8e8
13.Nd2f1 Bc8d7
14.Nf1g3 cxd4
15.cxd4 Ra8c8
16.Bc2d3 exd4
17.Nf3xd4 d5
18.exd5 Be7b4
19.Bc1d2 Nf6xd5
20.Bd2xb4 Nd5xb4
21.Qd1d2 Nb4xd3
22.Qd2xd3 Qc7d6
23.Re1xe8 Rc8xe8
24.Ra1d1 Na5c6
25.Nd4xc6 Re8e1
26.Ng3f1 Re1xd1
27.Qd3xd6 Rd1xd6
28.Nc6b4 a5
29.Nb4c2 Rd6d1
{ resign }
0-1

[Event "Match"]
[Site "www.echecsemail.com"]
[Date "2017.02.24"]
[Round "1"]
[White "Darknight"]
[Black "Pinehill"]
[WhiteElo "1810"]
[BlackElo "2090"]
[Result "0-1"]
[Round "1"]
1.e4 d5
2.e5 c5
3.c4 d4
4.b3 Nb8c6
5.Qd1e2 Qd8c7
6.f4 e6
7.d3 Ng8e7
8.a3 g6
9.h3 Bf8g7
10.Ng1f3 O-O
11.g4 b6
12.h4 h5
13.gxh5 gxh5
14.Nb1d2 Bc8b7
15.Bc1b2 Ne7f5
16.O-O-O Nf5e3
17.Rd1e1 f5
18.Nf3g5 Nc6d8
19.Rh1g1 a5
20.a4 Ne3g4
 { time }
0-1

[Event "Match"]
[Site "www.echecsemail.com"]
[Date "2017.02.24"]
[Round "1"]
[White "Whitekknight"]
[Black "Ericleo1980"]
[WhiteElo "1970"]
[BlackElo "2260"]
[Result "0-1"]
[Round "1"]
1.e4 c5
2.Ng1f3 d6
3.d4 cxd4
4.Nf3xd4 Ng8f6
5.Nb1c3 a6
6.Bf1e2 e6
7.Bc1g5 Nb8d7
8.O-O Bf8e7
9.Be2d3 Qd8a5
10.Bg5d2 Qa5c7
11.Nd4f3 b5
12.a3 Bc8b7
13.Rf1e1 O-O
14.Bd2f4 Nf6h5
15.Bf4e3 Nh5f6
16.h3 h6
17.Qd1d2 Rf8d8
18.Ra1c1 Ra8c8
19.Nf3d4 d5
20.exd5 Nf6xd5
21.Nc3xd5 Bb7xd5
22.Nd4e2 Qc7b7
23.Ne2f4 Bd5c6
24.f3 Be7c5
25.Be3xc5 Nd7xc5
26.Qd2e2 Qb7e7
27.Rc1d1 Qe7g5
28.Qe2e3 Bc6b7
29.Kh2 Rd8d7
30.b4 Nc5xd3
31.cxd3 Rc8c2
32.Rd1d2 Rc2xd2
33.Qe3xd2 e5
34.Qd2e3 Qg5xf4
35.Kh1 Qf4xe3
36.Re1xe3 f6
37.Kg1 Kf7
38.Kf2 Rd7c7
39.Re3e2 Rc7c3
40.Ke3 Ke6
41.Re2a2 Bb7d5
42.Ra2a1 f5
43.Kd2 Rc3c7
44.Ra1e1 Kf6
45.Re1e3 f4
46.Re3e1 Bd5b3
47.Re1b1 Rc7c2
48.Ke1 Bb3a2
49.Rb1a1 Rc2xg2
50.Kf1 Rg2c2
51.Kg1 Rc2b2
52.Kh1 Rb2b1
53.Ra1xb1 Ba2xb1
54.Kg2 Bb1xd3
55.Kf2 Kg5
56.Kg2 Kh4
57.Kh2 Bd3f5
{ resign }
0-1

[Event "Match"]
[Site "www.echecsemail.com"]
[Date "2017.02.24"]
[Round "1"]
[White "Coraza"]
[Black "Manuelito"]
[WhiteElo "1790"]
[BlackElo "1670"]
[Result "0-1"]
[Round "1"]
1.e4 e5
2.Ng1f3 Nb8c6
3.Bf1b5 d6
4.Bb5xc6 bxc6
5.O-O Bc8a6
6.Rf1e1 Ng8f6
7.Nb1c3 Bf8e7
8.d3 O-O
9.d4 exd4
10.Nf3xd4 Qd8d7
11.Nc3a4 Rf8e8
12.Qd1f3 c5
13.Qf3f5 Qd7xa4
14.b3 Qa4xd4
15.Bc1e3 Qd4xe4
16.Qf5h3 Qe4xc2
17.Re1c1 Qc2g6
18.a4 Ba6b7
19.f3 Bb7d5
20.Rc1d1 Bd5xb3
21.Rd1e1 Bb3d5
22.Re1f1 Be7d8
23.Ra1e1 Qg6d3
24.Be3f2 Re8xe1
25.Rf1xe1 Bd5e6
26.Qh3g3 Qd3a3
27.Bf2e3 Qa3xa4
28.Be3h6 g6
29.f4 Qa4d4
30.Kh1 Nf6g4
31.f5 Ng4f2
32.Kg1 Nf2e4
33.Qg3e3 Qd4xe3
34.Re1xe3 Be6xf5
35.g4 Bf5xg4
36.Re3xe4 Bg4d7
37.Kg2 Bd7c6
{ resign }
0-1

[Event "Match"]
[Site "www.echecsemail.com"]
[Date "2017.02.24"]
[Round "1"]
[White "Lcmachado"]
[Black "Manuelito"]
[WhiteElo "1499"]
[BlackElo "1640"]
[Result "0-1"]
[Round "1"]
1.Ng1f3 d6
2.Nb1c3 Ng8f6
3.d3 e5
4.e4 Nb8c6
5.h3 Bf8e7
6.Bf1e2 O-O
7.O-O Bc8e6
8.a3 d5
9.Nf3d2 d4
10.Nc3b1 Be7d6
11.c4 dxc3
12.Nb1xc3 Nc6d4
13.Nd2f3 Nd4xe2
14.Nc3xe2 Rf8e8
15.Bc1g5 h6
16.Bg5xf6 Qd8xf6
17.Ne2g3 Qf6d8
18.b4 b5
19.Qd1d2 Ra8c8
20.Ra1c1 a6
21.d4 exd4
22.Nf3xd4 Be6c4
23.Rf1e1 Bd6e5
24.Ng3e2 Qd8f6
25.f3 Rc8d8
{ resign }
0-1